ბათუმის შოთა რუსთაველის სახელმწიფო უნივერსიტეტის ბიბლიოთეკა

Растительный мир земли. в 2-х томах. Т.1 (ბიბ.ჩანაწერი № 45076)

000 -LEADER
fixed length control field 00596nam a2200193Ia 4500
001 - CONTROL NUMBER
control field 11899
003 - CONTROL NUMBER IDENTIFIER
control field GE_BSU
008 - FIXED-LENGTH DATA ELEMENTS--GENERAL INFORMATION
fixed length control field 181216s||||||||xx |||||||||||||| ||und||
040 ## - CATALOGING SOURCE
Transcribing agency GE_BSU
080 ## - UNIVERSAL DECIMAL CLASSIFICATION NUMBER
Universal Decimal Classification number 58
245 ## - TITLE STATEMENT
Title Растительный мир земли. в 2-х томах. Т.1
245 ## - TITLE STATEMENT
Statement of responsibility, etc. пер. с немецк.Под ред.Ф.Фукарека.Перевод и предисл. Сладкова А.Н.
260 ## - PUBLICATION, DISTRIBUTION, ETC.
Place of publication, distribution, etc. Москва
260 ## - PUBLICATION, DISTRIBUTION, ETC.
Name of publisher, distributor, etc. Мир
260 ## - PUBLICATION, DISTRIBUTION, ETC.
Date of publication, distribution, etc. 1982
300 ## - PHYSICAL DESCRIPTION
Extent 133стр.25см.илл.
653 ## - INDEX TERM--UNCONTROLLED
Uncontrolled term Растительный мир земли
942 ## - ADDED ENTRY ELEMENTS (KOHA)
Koha item type წიგნი
ეგზემპლარები
Withdrawn status Lost status Damaged status Not for loan Date acquired Barcode Date last seen Price effective from Koha item type
        2018-12-17 20463 2018-12-17 2018-12-17 წიგნი
        2018-12-17 20464 2018-12-17 2018-12-17 წიგნი